Tuhfat al-nafis : (Record no. 4157)

000 -LEADER
fixed length control field nam a22 a 4500
003 - CONTROL NUMBER IDENTIFIER
control field AKMAL
005 - DATE AND TIME OF LATEST TRANSACTION
control field 20170525123354.0
008 - FIXED-LENGTH DATA ELEMENTS--GENERAL INFORMATION
fixed length control field 170525s1991 my a00 may d
020 ## - INTERNATIONAL STANDARD BOOK NUMBER
International Standard Book Number 9836221239 (kkrs.) :
Terms of availability RM35.00
040 ## - CATALOGING SOURCE
Original cataloging agency AKMAL
Transcribing agency AKMAL
082 04 - DEWEY DECIMAL CLASSIFICATION NUMBER
Classification number 959.5 HOO
090 ## - LOCALLY ASSIGNED LC-TYPE CALL NUMBER (OCLC); LOCAL CALL NUMBER (RLIN)
Classification number (OCLC) (R) ; Classification number, CALL (RLIN) (NR) 959.5
Local cutter number (OCLC) ; Book number/undivided call number, CALL (RLIN) HOO
100 1# - MAIN ENTRY--PERSONAL NAME
Personal name Hooker, Virginia Matheson
9 (RLIN) 8161
240 10 - UNIFORM TITLE
Uniform title Tuhfat al-nafis
245 1# - TITLE STATEMENT
Title Tuhfat al-nafis :
Remainder of title sejarah Melayu-Islam /
Statement of responsibility, etc. Virginia Matheson Hooker ; penterjemah pengenalan Ahmad Fauzi Basri
260 ## - PUBLICATION, DISTRIBUTION, ETC.
Place of publication, distribution, etc. Kuala Lumpur :
Name of publisher, distributor, etc. Dewan Bahasa dan Pustaka,
Date of publication, distribution, etc. 1991
300 ## - PHYSICAL DESCRIPTION
Extent xxvi, 736ms. ;
Dimensions 22cm.
500 ## - GENERAL NOTE
General note Mengandungi indeks
504 ## - BIBLIOGRAPHY, ETC. NOTE
Bibliography, etc. note Bibliografi: ms. 727-732
521 ## - TARGET AUDIENCE NOTE
Target audience note Peringkat pembaca: Dewasa
650 ## - SUBJECT ADDED ENTRY--TOPICAL TERM
Topical term or geographic name entry element Bugis (Malay people)
General subdivision History
9 (RLIN) 8162
650 ## - SUBJECT ADDED ENTRY--TOPICAL TERM
Topical term or geographic name entry element Malay literature
General subdivision History and criticism
9 (RLIN) 5709
651 ## - SUBJECT ADDED ENTRY--GEOGRAPHIC NAME
Geographic name Johor
General subdivision History
9 (RLIN) 8163
651 ## - SUBJECT ADDED ENTRY--GEOGRAPHIC NAME
Geographic name Malaysia
General subdivision History
9 (RLIN) 434
651 ## - SUBJECT ADDED ENTRY--GEOGRAPHIC NAME
Geographic name Malay Archipelago
General subdivision History
9 (RLIN) 8164
700 0# - ADDED ENTRY--PERSONAL NAME
Personal name Ahmad Fawzi Mohd. Basri,
Titles and other words associated with a name Dato',
Dates associated with a name 1949-2005
9 (RLIN) 4779
942 ## - ADDED ENTRY ELEMENTS (KOHA)
Source of classification or shelving scheme
Koha item type Book
Holdings
Withdrawn status Lost status Source of classification or shelving scheme Damaged status Not for loan Collection code Home library Current library Shelving location Date acquired Inventory number Total Checkouts Full call number Barcode Date last seen Price effective from Koha item type
          NON-FICTION AKMAL Melaka AKMAL Melaka PINJAMAN 25.05.2017 900320   959.5 HOO 201705390 25.05.2017 25.05.2017 Book
Pusat Sumber Maklumat Dato' Haji Sarmin Md Hussin, Akademi Kastam Diraja Malaysia, Melaka
Tel: 06-2331106 | Faks: 06-2313787